| 000 | 00618nam a22001337a 4500 | ||
|---|---|---|---|
| 040 | _cRUA | ||
| 082 | _aAGE CHA 2014 B515 Or. | ||
| 100 | _aCHAN PISAL; ច័ន្ទ ពិសាល | ||
| 245 | _aChanges in farming systems in tram kak district, takeo province; បម្រែបម្រួលប្រព័ន្ធកសិកម្មនៅក្នុងស្រុកត្រាំកក់ ខេត្តតាកែវ | ||
| 260 |
_aRUA _bPhnom Penh _c2014 |
||
| 300 |
_axii; 44p. _bill. _c29cm. |
||
| 856 | _uhttps://drive.google.com/file/d/1xhdCiVWBb1lRDSWNGAv3m9QgL2ZvjseK/view?usp=sharing | ||
| 942 | _cAGE | ||
| 999 |
_c9382 _d9382 |
||